Obras completas [de José Gaos] : epistolario y papeles privados /
José Gaos (1900-1969), filósofo español exiliado en México en 1938 y nacionalizado en 1941. En la formación de su pensamiento recibió la influencia de Heidegger, Husserl, Nicolai Hartman, José Ortega y Gasset y Manuel García Morente, siendo discípulo de estos dos últimos. Sus intereses filosóficos s...
保存先:
| 第一著者: | |
|---|---|
| その他の著者: | |
| フォーマット: | 図書 |
| 言語: | スペイン語 |
| 出版事項: |
México :
UNAM, Instituto de Investigaciones Filosóficas,
1999, c1999
|
| シリーズ: | (Nueva Biblioteca Mexicana ;
140) |
| 主題: | |
| タグ: |
タグなし, このレコードへの初めてのタグを付けませんか!
|
MARC
| LEADER | 00000nam^a2200000^a^4500 | ||
|---|---|---|---|
| 001 | 000261770 | ||
| 005 | 20250521000000.0 | ||
| 009 | 20260310110521.459 | ||
| 020 | |a 968-36-6973-5 | ||
| 020 | |a 968-58-0327-7 | ||
| 037 | |a Acervo Xavier Clavigero | ||
| 041 | |a ESP | ||
| 082 | |a 101. |b GAO V. 19 | ||
| 100 | |a Gaos, José |e (autor) | ||
| 240 | 1 | 1 | |a [Obras completas de José Gaos] |
| 245 | 1 | 0 | |a Obras completas [de José Gaos] : |b epistolario y papeles privados / |c J. Gaos ; ed., pról. y notas de A. Rangel Guerra. |
| 264 | 4 | |a México : |b UNAM, Instituto de Investigaciones Filosóficas, |c 1999, c1999 | |
| 300 | |a 557 p. | ||
| 336 | |a texto |b txt |2 rdacontenido | ||
| 337 | |a sin mediación |b n |2 rdamedio | ||
| 338 | |a volumen |b nc |2 rdasoporte | ||
| 440 | 1 | |a (Nueva Biblioteca Mexicana ; |v 140) | |
| 520 | |a José Gaos (1900-1969), filósofo español exiliado en México en 1938 y nacionalizado en 1941. En la formación de su pensamiento recibió la influencia de Heidegger, Husserl, Nicolai Hartman, José Ortega y Gasset y Manuel García Morente, siendo discípulo de estos dos últimos. Sus intereses filosóficos se centraron sobre la fenomenología e historicidad de la filosofía para dar cuenta del ser de la filosofía y el devenir del pensamiento frente a la historia. Las Obras completas que publica la Universidad Nacional Autónoma de México está formada por varios volúmenes. El presente volumen diecinueve reúne las correspondencias que dirigió a alrededor de cincuenta y nueve personalidades, entre los que se encuentran José Ortega y Gasset, Antonio Caso, José Vasconcelos, Daniel Cosío Villegas, Alfonso Reyes, Leopoldo Zea, Arnaldo Orfila Reynal, Eduardo García Máynez, Juan David García Bacca, Fernando Salmerón y otros. | ||
| 649 | |a XX | ||
| 650 | |a Filósofos Españoles - |x Memorias | ||
| 650 | |a Cartas Españolas | ||
| 650 | |a Filosofía del Siglo XX | ||
| 650 | |a Filosofía Española | ||
| 650 | |a Gaos, José - |x Tema Principal | ||
| 740 | 0 | |a Epistolario y papeles privados / |c J. Gaos ; ed., pról. y notas de A. Rangel Guerra. | |
| 700 | |a Rangel Guerra, Alfonso |e (edición, prólogo y notas) | ||
| 910 | |a Fondo General | ||
| 920 | |a Impresos - Libros | ||
| 930 | |a Colección General | ||
| 905 | |a 101 | ||
| 901 | |a 0500137983 |b IT1 |c ACC |u 20250521 | ||
| 902 | |a https://opac.biblio.iteso.mx/vufind/Record/000261770 | ||